Security architecture : design, deployment, and operations (Record no. 23867)
[ view plain ]
| 000 -LEADER | |
|---|---|
| fixed length control field | 00377nam a22001337a 4500 |
| 003 - CONTROL NUMBER IDENTIFIER | |
| control field | NUST |
| 008 - FIXED-LENGTH DATA ELEMENTS--GENERAL INFORMATION | |
| fixed length control field | 140423b xxu||||| |||| 00| 0 eng d |
| 038 ## - RECORD CONTENT LICENSOR | |
| Staff Name | Nusrat Nadeem |
| 082 ## - DEWEY DECIMAL CLASSIFICATION NUMBER | |
| Classification number | 005.8 |
| 100 ## - MAIN ENTRY--PERSONAL NAME | |
| Personal name | M.King,Christopher |
| 9 (RLIN) | 21536 |
| 245 ## - TITLE STATEMENT | |
| Title | Security architecture : design, deployment, and operations |
| Statement of responsibility, etc. | Christopher M.King, |
| 538 ## - SYSTEM DETAILS NOTE | |
| Display text | Supercomputing Lab |
| 942 ## - ADDED ENTRY ELEMENTS (KOHA) | |
| Source of classification or shelving scheme | |
| Koha item type | Book |
| Withdrawn status | Lost status | Source of classification or shelving scheme | Damaged status | Not for loan | Permanent Location | Current Location | Shelving location | Date acquired | Full call number | Barcode | Date last seen | Price effective from | Koha item type |
|---|---|---|---|---|---|---|---|---|---|---|---|---|---|
| NUST Baluchistan Campus (NBC) | NUST Baluchistan Campus (NBC) | General Stacks | 04/23/2014 | 005.8KIN | RCMS000126 | 04/23/2014 | 04/23/2014 | Book | |||||
| NUST Baluchistan Campus (NBC) | NUST Baluchistan Campus (NBC) | General Stacks | 02/24/2017 | 005.8KIN | RCMS000102 | 02/24/2017 | 02/24/2017 | Book |
